Súčasný pohľad na otázky inflácie/deflácie a ochrany práv duševného vlastníctva zborník vedeckých statí
Guardado en:
| Autor Corporativo: | |
|---|---|
| Otros Autores: | , , , , , , |
| Formato: | Libro |
| Lenguaje: | eslovaco inglés |
| Publicado: |
Bratislava
Vydavateľstvo EKONÓM
2018]
|
| Edición: | 1. vydanie |
| Materias: | |
| Etiquetas: |
Sin Etiquetas, Sea el primero en etiquetar este registro!
|
MARC
| LEADER | 00000nlm a2200000 4500 | ||
|---|---|---|---|
| 001 | 0249686 | ||
| 005 | 20240604111059.6 | ||
| 020 | |a 978-80-225-4555-6 | ||
| 041 | 0 | |a slo | |
| 041 | 0 | |a eng | |
| 044 | |a SK | ||
| 245 | 1 | 0 | |a Súčasný pohľad na otázky inflácie/deflácie a ochrany práv duševného vlastníctva |b zborník vedeckých statí |c Anetta Čaplánová, Marcel Novák ... [et al.] ; zostavili: Anetta Čaplánová, Marcel Novák ... [et al.] |
| 250 | |a 1. vydanie | ||
| 264 | 1 | |a Bratislava |b Vydavateľstvo EKONÓM |c 2018] | |
| 300 | |a CD-ROM 196 s. [10 AH] | ||
| 610 | 2 | 0 | |a politika hospodárska |
| 610 | 2 | 0 | |a inflácia |
| 610 | 2 | 0 | |a deflácia |
| 610 | 2 | 0 | |a politika fiškálna |
| 610 | 2 | 0 | |a politika peňažná |
| 610 | 2 | 0 | |a rozvoj hospodársky |
| 610 | 2 | 0 | |a migrácia |
| 610 | 2 | 0 | |a investície priame zahraničné |
| 610 | 2 | 0 | |a integrácia |
| 610 | 2 | 0 | |a vlastníctvo duševné |
| 610 | 2 | 0 | |a ochrana právna |
| 610 | 2 | 0 | |a pokrok technologický |
| 610 | 2 | 0 | |a inovácie technologické |
| 610 | 2 | 0 | |a globalizácia |
| 610 | 2 | 0 | |a Európa |
| 700 | 1 | |a Čaplánová, Anetta, 1967- | |
| 700 | 1 | |a Novák, Marcel, 1979- | |
| 700 | 1 | |a Darmo, Ľubomír, 1984- | |
| 700 | 1 | |a Kálovec, Marek | |
| 700 | 1 | |a Poláčková, Hana, 1968- | |
| 700 | 1 | |a Skalák, Pavol | |
| 700 | 1 | |a Šustr, Martin, 1980- | |
| 710 | 2 | |a Národohospodárska fakulta EU. Katedra ekonómie | |